• 首页
  • 本馆介绍
  • 公告通知
  • 最新文献
  • 馆藏检索
  • 电子资源
  • 读者导购
  • 参考咨询
  • 我的图书馆
  • 登录
  • 详细信息显示
  • 放入我的书架
  • 预约/预借图书
  • 作者相关作品
  • 分类相关作品
  • 丛书相关作品
  • 出版社相关作品

书目信息

  • 表格格式
  • 工作单格式
  • 卡片格式
题名:
GIS支持下的水库塌岸预测与风险评价
    
 
作者: 王小东 , 戴福初 , 孟令超 著
分册:  
出版信息: 北京   中国水利水电出版社  2018.07
页数: 127页
开本: 24cm
丛书名: 水科学博士文库
单 册:
中图分类: TV697.3
科图分类:
主题词: 水库--塌岸--预测 , 水库--塌岸--风险评价
电子资源:
ISBN: 978-7-5170-6502-9
000 01386oam2 2200289 450
001 364
005 20180922090644.95
010    @a978-7-5170-6502-9@dCNY48.00
100    @a20180819d2018 em y0chiy50 ea
101 0  @achi
102    @aCN@b110000
105    @aa z 000yy
200 1  @aGIS支持下的水库塌岸预测与风险评价@9GIS zhi chi xia de shui ku ta an yu ce yu feng xian ping jia@dGIS-supported reservoir bank failure prediction and risk assessment@f王小东,戴福初,孟令超著@zeng
210    @a北京@c中国水利水电出版社@d2018.07
215    @a127页@c图@d24cm
225 1  @a水科学博士文库
330    @a本书基于高分辨率DEM与DOM,研究在GIS技术的支持下的塌岸宽度预测和体积预测的理论。全书以金沙江溪洛渡水电工程为例,基于“两段法”,开发了进行塌岸宽度与体积预测的计算插件;基于极限平衡理论和剖面线扫描算法,引入安全系数分析和失效概率分析,实现了水库岸坡模型构建和稳定性计算一体化的程序插件,使得区域风险评价和单体风险评价通过GIS得到了较好的融合,提高了水库塌岸风险评价的定量化程度。
461  0 @12001 @a水科学博士文库
510 1  @aGIS-supported reservoir bank failure prediction and risk assessment@zeng
606 0  @a水库@x塌岸@x预测
606 0  @a水库@x塌岸@x风险评价
690    @aTV697.3@v5
701  0 @a王小东@9wang xiao dong@4著
701  0 @a戴福初@9dai fu chu@4著
701  0 @a孟令超@9meng ling chao@4著
801  0 @aCN@b91MARC@c20180819
905    @aMuseLib@dTV697.3@e77
    
    GIS支持下的水库塌岸预测与风险评价=GIS-supported reservoir bank failure prediction and risk assessment/王小东,戴福初,孟令超著.-北京:中国水利水电出版社,2018.07
    127页:图;24cm.-(水科学博士文库)
    
    
    ISBN 978-7-5170-6502-9:CNY48.00
    本书基于高分辨率DEM与DOM,研究在GIS技术的支持下的塌岸宽度预测和体积预测的理论。全书以金沙江溪洛渡水电工程为例,基于“两段法”,开发了进行塌岸宽度与体积预测的计算插件;基于极限平衡理论和剖面线扫描算法,引入安全系数分析和失效概率分析,实现了水库岸坡模型构建和稳定性计算一体化的程序插件,使得区域风险评价和单体风险评价通过GIS得到了较好的融合,提高了水库塌岸风险评价的定量化程度。
●
相关链接 在E读中查询图书 在五车中查询图书 在当当中查询图书 在豆瓣中查询图书


正题名:GIS支持下的水库塌岸预测与风险评价     索取号:TV697.3/77         预约/预借

序号 登录号 条形码 馆藏地/架位号 状态 备注
1 1119539   211195393   第二样本阅览室/ [索取号:TV697.3/77] 在馆    
2 1119540   211195400   第三借阅区/ [索取号:TV697.3/77] 在馆    
3 1119541   211195419   生命科学系资料室/ [索取号:TV697.3/77] 在馆    
4 1119542   211195428   第三借阅区/ [索取号:TV697.3/77] 在馆    
5 1119543   211195437   第三借阅区/ [索取号:TV697.3/77] 在馆    
唐山师范学院图书馆 欢迎您!
大连网信软件有限公司© 版权所有